The geography of the soils of Bangladesh / (Record no. 40374)
[ view plain ]
| 000 -LEADER | |
|---|---|
| fixed length control field | 00868nam a2200253 a 4500 |
| 001 - CONTROL NUMBER | |
| control field | 40374 |
| 003 - CONTROL NUMBER IDENTIFIER | |
| rucl marc code | BD-RjUL |
| 005 - DATE AND TIME OF LATEST TRANSACTION | |
| control field | 20211209053212.0 |
| 008 - FIXED-LENGTH DATA ELEMENTS--GENERAL INFORMATION | |
| fixed length control field | 160430s1996 bg b b 001 0 eng |
| 020 ## - INTERNATIONAL STANDARD BOOK NUMBER | |
| International Standard Book Number | 9840513281 |
| Terms of availability | : Tk. 450.00 |
| 035 ## - SYSTEM CONTROL NUMBER | |
| System control number | (BD-RjUL)40489 |
| 040 ## - CATALOGING SOURCE | |
| Original cataloging agency | BD-RjU |
| Transcribing agency | BD-RjU |
| Language of cataloging | eng |
| 041 ## - LANGUAGE CODE | |
| Language code of text/sound track or separate title | eng |
| 082 00 - DEWEY DECIMAL CLASSIFICATION NUMBER | |
| Edition number | 23 |
| Classification number | 631.4095492 |
| Author mark and year | BRT 1996 |
| 100 1# - MAIN ENTRY--PERSONAL NAME | |
| Personal name | Brammer, Hugh |
| 9 (RLIN) | 124379 |
| 245 14 - TITLE STATEMENT | |
| Title | The geography of the soils of Bangladesh / |
| Statement of responsibility, etc. | Hugh Brammer. |
| 260 ## - PUBLICATION, DISTRIBUTION, ETC. (IMPRINT) | |
| Place of publication, distribution, etc. | Dhaka, Bangladesh : |
| Name of publisher, distributor, etc. | University Press, |
| Date of publication, distribution, etc. | 1996. |
| 300 ## - PHYSICAL DESCRIPTION | |
| Pagination | xiv, 287 p. : |
| Illustrations | map ; |
| Size | 25 cm. |
| 504 ## - BIBLIOGRAPHY, ETC. NOTE | |
| Bibliography, etc | Includes bibliographical references (p. [275]-276) and index. |
| 520 ## - SUMMARY, ETC. | |
| Summary, etc. | Revised and up-dated edition of a report prepared for the Food and Agriculture Organization of United Nations. |
| 650 #0 - SUBJECT ADDED ENTRY--TOPICAL TERM | |
| Topical term or geographic name as entry element | Soils |
| Geographic subdivision | Bangladesh. |
| 9 (RLIN) | 124380 |
| 942 ## - ADDED ENTRY ELEMENTS (KOHA) | |
| Source of classification or shelving scheme | Dewey Decimal Classification |
| Koha item type | Books |
| Lost status | Source of classification or shelving scheme | Damaged status | Not for loan | Collection code | Permanent Location | Current Location | Shelving location | Date acquired | Source of acquisition | Cost, normal purchase price | Total Checkouts | Full call number | Date last seen | Copy number | Koha item type | Date checked out |
|---|---|---|---|---|---|---|---|---|---|---|---|---|---|---|---|---|
| Dewey Decimal Classification | Not For Loan | Non-fiction | Central Library, University of Rajshahi | Central Library, University of Rajshahi | Reading Room | 28/10/2015 | Biddashagor, Rajshahi | 450.00 | 631.4095492 BRT 1996 | 30/04/2016 | C-1 | Books | ||||
| Dewey Decimal Classification | Non-fiction | Central Library, University of Rajshahi | Central Library, University of Rajshahi | 28/10/2015 | Biddashagor, Rajshahi | 450.00 | 5 | 631.4095492 BRT 1996 | 15/05/2025 | C-2 | Books | 29/04/2025 | ||||
| Dewey Decimal Classification | Non-fiction | Central Library, University of Rajshahi | Central Library, University of Rajshahi | 28/10/2015 | Biddashagor, Rajshahi | 450.00 | 1 | 631.4095492 BRT 1996 | 02/02/2017 | C-3 | Books | 31/01/2017 |